[Event "Mestre Cipressina op-B 4th"]
[Site "Mestre"]
[Date "2015.11.29"]
[Round "5"]
[White "Marino, Maurizio"]
[Black "Vescovi, Federico"]
[Result "1-0"]
[WhiteElo "1496"]
[BlackElo "1404"]
[PlyCount "71"]
[EventDate "2015.11.27"]
[EventType "swiss"]
[EventRounds "5"]
[EventCountry "ITA"]
[SourceTitle "EXT 2022"]
[Source "ChessBase"]
[SourceDate "2021.10.06"]
[SourceVersion "1"]
[SourceVersionDate "2021.10.06"]
[SourceQuality "1"]

1. e4 e5 2. f4 d5 3. exd5 c6 4. Nf3 exf4 5. d4 Bd6 6. Bd3 cxd5 7. 0-0 Bg4 8. c3 Ne7 9. Qc2 Bxf3 10. Rxf3 Qc7 11. Na3 a6 12. Bd2 b5 13. Raf1 g5 14. h3 Nbc6 15. Nb1 0-0-0 16. a4 Qb8 17. axb5 axb5 18. Na3 Bxa3 19. bxa3 Ng6 20. Bf5+ Kb7 21. Rb1 Na7 22. a4 Nh4 23. Bg4 Nxf3+ 24. Bxf3 Rhe8 25. Qf5 Kc6 26. axb5+ Nxb5 27. Qd3 Rd7 28. c4 Rb7 29. Bxd5+ Kd7 30. Bxb7 Qxb7 31. Rxb5 Qa6 32. Rxg5 Qa1+ 33. Kh2 Qd1 34. Qf5+ Kc6 35. Qb5+ Kc7 36. Bxf4+ 1-0

[Event "Mestre Cipressina op-B 4th"]
[Site "Mestre"]
[Date "2015.11.28"]
[Round "3"]
[White "Rosina, Graziano"]
[Black "Marino, Maurizio"]
[Result "1/2-1/2"]
[WhiteElo "1786"]
[BlackElo "1496"]
[PlyCount "63"]
[EventDate "2015.11.27"]
[EventType "swiss"]
[EventRounds "5"]
[EventCountry "ITA"]
[SourceTitle "EXT 2022"]
[Source "ChessBase"]
[SourceDate "2021.10.06"]
[SourceVersion "1"]
[SourceVersionDate "2021.10.06"]
[SourceQuality "1"]

1. Nf3 f5 2. g3 g6 3. d3 Bg7 4. e4 d6 5. Bg2 Nf6 6. exf5 Bxf5 7. c3 Nc6 8. 0-0 Rb8 9. Nh4 Bd7 10. Bg5 0-0 11. Qd2 Ne5 12. Na3 Nf7 13. Be3 c5 14. d4 cxd4 15. Bxd4 b6 16. Rfe1 e5 17. Be3 Qc8 18. Rad1 Be6 19. b3 d5 20. Bg5 Qc5 21. b4 Qe7 22. Nf3 Qd6 23. Nb5 Qd7 24. Na3 Ne4 25. Qc1 Nxc3 26. Qxc3 e4 27. Bf6 Bxf6 28. Qxf6 exf3 29. Qxe6 Qxe6 30. Rxe6 fxg2 31. Rxd5 Rb7 32. Nb5 1/2-1/2